000 00840nas a2200277 4500
001 BR8000746
003 BR-BrBNA
005 20231205084126.0
007 ta
008 230509b bl.|||p| |||| 00| 00por d
040 _aBR-BrBNA
_bpor
_cBiblioteca Nacional de Agricultura
041 _a(Pt)
072 _aE70
100 1 _aWiesel, P.A.
245 1 _aA safra de batata de inverno, 1978/79 [Solanum tuberosum]
246 1 _a[Potato Winter harvest, 1978/79 [Solanum tuberosum]]
650 _aComercializacao
650 _aBatata
650 _aSafra
650 _aProdutividade
650 _aMercado
650 _aPreco
773 0 _tInformacoes Economicas - Instituto de Economia Agricola (Brazil)
_xISSN 0100-4409
_g(Mar 1979), v. 9(3) p. 29-33
_wBR8000746
909 _a202311
_bLúcia
_c55
_dLúcia Elande
942 _2AGRIS
_n0
_cANA
999 _c103286
_d103286